000 01501nam a22002537a 4500
999 _c63146
_d63146
003 Ge_BSU
005 20250611171857.0
008 250611s2018 ge ||||| |||| 00| 0 geo d
020 _a9789941254840
041 _ageo
080 _a271.22-9(479.22) მ-74
100 _aმიქაელ (ეჯიბიშვილი), არქიმანდრიტი
_925378
245 _aსაქართველოს ეკლესია კათოლიკოს-პატრიარქის ილია II-ის მოღვაწეობის პერიოდში :
_b [მონოგრაფია] /
_c არქიმანდრიტი მიქაელ ეჯიბიშვილი; რედაქტორი ავთანდილ სონღულაშვილი.
264 _aთბილისი :
_bმერიდიანი,
_c2018.
300 _a292 გვ. ;
_b21 სმ.
504 _aბიბლიოგრ.: გვ. 224-230.
520 _aრეზიუმე ინგლ. ენაზე.
653 _aილია II (შიოლაშვილი, ი.)
653 _aკათოლიკოს-პატრიარქი 1933.
653 _aსაქართველოს მართლმადიდებელი ეკლესია
653 _aისტორია
700 _aსონღულაშვილი, ავთანდილ
_eრედაქტორი
_925388
942 _2udc
_cᲬᲘᲒᲜᲘ